Vista normal Vista MARC

Entrada Corporate Name

Número de registros utilizados en: 1

001 - CONTROL NUMBER

  • control field: 7233

003 - CONTROL NUMBER IDENTIFIER

  • control field: OSt

005 - DATE AND TIME OF LATEST TRANSACTION

  • control field: 20200714161127.0

008 - FIXED-LENGTH DATA ELEMENTS

  • fixed length control field: 200714|| aca||aabn | a|a d

040 ## - CATALOGING SOURCE

  • Original cataloging agency: OSt
  • Transcribing agency: OSt

110 ## - HEADING--CORPORATE NAME

  • Corporate name or jurisdiction name as entry element: Corporación Nacional de Turismo
  • General subdivision: historia
  • Chronological subdivision: 1968-1998

670 ## - SOURCE DATA FOUND

  • Source citation: Work cat.: (OSt)3874: Corporación Nacional de Turismo 7232, 30 años de historia del turismo colombiano / , 1998